Statistics for Words that Appear on Country Flags

Click here to take the quiz!

General Stats

  • This quiz has been taken 26 times
  • The average score is 14 of 21

Answer Stats

HintAnswer% Correct
ORDEM E PROGRESSOBrazil
100%
_______Bolivia
94%
REPUBLICA DE __________
AMERICA CENTRAL
Nicaragua
94%
AMERICA CENTRAL
REPUBLICA DE ______ _____
Costa Rica
89%
لَا إِلٰهَ إِلَّا الله مُحَمَّدٌ رَسُولُ اللهSaudi Arabia
89%
DIOS PATRIA LIBERTAD
El Santo
Evangelio
Segun San Juan
CAPITULO VIII
31 Y decia Jesus a
los judios que le
habian creido
Si vosotros
permanecereis
en mi palabra
sereis verdaderamente
mis discipilos
32. Y conocereis la
verdad, y la verdad os
hara libres.
__________ ___________
Dominican Republic
83%
REPÚBLICA DE __ __________
EN LA AMÉRICA CENTRAL
15 SEPTIEMBRE DE 1821
DIOS UNION LIBERTAD
El Salvador
83%
REPUBLICA DEL _________Paraguay
83%
LIBERTAD 15 DE SEPTIEMBRE DE 1821Guatemala
78%
الله أكبر (x22)Iran
78%
الله اكبرIraq
78%
لَا إِلٰهَ إِلَّا الله مُحَمَّدٌ رَسُولُ اللهAfghanistan
67%
L'UNION FAIT LA FORCEHaiti
67%
PLVS VLTRASpain
67%
SUB UMBRA FLORIOBelize
61%
LIBERTASSan Marino
56%
VIRTVS VNITA FORTIORAndorra
39%
جمهورية ___ العربيةEgypt
39%
الدائمون المحسنون بالهدى
دارالسلام ___
Brunei
33%
FOR GALLANTRYMalta
33%
UNIDAD PAZ JUSTICIAEquatorial Guinea
22%

Score Distribution

Percentile by Number Answered

Percent of People with Each Score

Your Score History

You have not taken this quiz